000
00303nam a2200109 4500
999
_c
10050
_d
10050
008
180730b ||||| |||| 00| 0 eng d
245
_a
Violence, confusion mar polls in Mindanao.
260
_a
Philippines
_b
Manila Bulletin
_c
c2016
300
_a
page B12.
650
0
_9
29702
_a
Violence.
942
_2
ddc
_c
PER